000 00623nam a2200229Ia 4500
003 OSt
005 20220928115642.0
006 a|||||r|||| 00| 0
007 ta
008 220927b |||||||| |||| 00| 0 eng d
024 _a40048
037 _cTextual
040 _aSDCL
_cSDCL
_beng
041 _2eng
_aeng
082 _aV2,12'N7, L7
100 _aSiwach J R
_9438341
245 0 _aOffice of the governor
_b A critical study1950-73
260 _aNew Delhi
_bSterling Publishers
_c1977
300 _axi,292p
_ccm.
942 _hV2,12'N7, L7
_cTEXL
_2CC
999 _c760328
_d760328